Administración de la cadena de suministro. Estrategia, Planeación y operación

Bibliographic Details
Main Authors: Chopra, Sunil, Meindl, Peter
Format: Section = Libro
Language:Undetermined
Spanish
Published: México Pearson Educación 2008
Edition:3a.ed
Subjects:
LEADER 00640nam a2200217Ia 4500
008 240830s9999 xx 000 0 und d
020 |a 978-970-26-1192-9 
040 |a B-ESTELÍ- RUACS / 658 Ch549 
041 |a spa 
082 |a 658 Ch549 
100 1 |a Chopra, Sunil 
100 1 |b  Meindl, Peter 
245 1 0 |a Administración de la cadena de suministro. Estrategia, Planeación y operación 
250 |a 3a.ed 
260 |a México  |b Pearson Educación  |c 2008 
300 |a 552 p. 
650 7 |a ADMINISTRACION DE LA CADENA DE SUMINISTRO 
650 7 |b  ESTRATEGIA-PLANEACION Y OPERACION 
942 |c BK  |2 ddc 
991 |a TEXTO 
999 |c 11418